00631nam a2200193 a 4500001000800000005001700008008004100025040001800066082002100084100003100105245010700136250000900243260004800252300001300300650001300313942000600326952009200332999001300424429397720231211041803.0850816s1985 ii b 000 0 eng  aDLCcDLCdDLC00a305.4.219bAnt. aPrakashan Rashtriya Antar.00aReaching for half the sky :ba reader in women's movement.cMagan Desai for Antar Rashtriya prakashan. a1st. aBaroda :bAntar Rashtriya Prakashan,c1985. a130 p. ; 0aFeminism cL 001040708LaWERCLbWERCLd2023-12-11l0o305.4. Ant.p199r2023-12-11w2023-12-11yL c172d172